Notes on Being a Man (Record no. 414917)
[ view plain ]
| 000 -LEADER | |
|---|---|
| fixed length control field | 00612nam a22001815a 4500 |
| 001 - CONTROL NUMBER | |
| control field | in503452746 |
| 005 - DATE AND TIME OF LATEST TRANSACTION | |
| control field | 20260130133040.0 |
| 008 - FIXED-LENGTH DATA ELEMENTS--GENERAL INFORMATION | |
| fixed length control field | 260130s2025 |||| ||| |||||||||||| |
| 010 ## - LIBRARY OF CONGRESS CONTROL NUMBER | |
| LC control number | 2025941945 |
| 020 ## - INTERNATIONAL STANDARD BOOK NUMBER | |
| International Standard Book Number | 9781668084359 |
| Terms of availability | $29.00 |
| 020 ## - INTERNATIONAL STANDARD BOOK NUMBER | |
| International Standard Book Number | 166808435X |
| Terms of availability | $29.00 |
| 082 00 - DEWEY DECIMAL CLASSIFICATION NUMBER | |
| Classification number | 305.31 |
| 100 1# - MAIN ENTRY--PERSONAL NAME | |
| Personal name | Galloway, Scott |
| 9 (RLIN) | 6221127 |
| 245 10 - TITLE STATEMENT | |
| Title | Notes on Being a Man |
| 260 ## - PUBLICATION, DISTRIBUTION, ETC. (IMPRINT) | |
| Name of publisher, distributor, etc | Simon & Schuster |
| Date of publication, distribution, etc | 20251104 |
| 264 ## - Production, Publication, Distribution, Manufacture, and Copyright Notice. | |
| Name of producer, publisher, distributor, manufacturer | Simon & Schuster |
| Date of production, publication, distribution, manufacture, or copyr | 20251104 |
| 520 ## - SUMMARY, ETC. | |
| Summary, etc | "Bestselling author, NYU professor, and cohost of the Pivot podcast, Scott Galloway offers a path forward for men and parents of boys"-- |
| Withdrawn status | Lost status | Source of classification or shelving scheme | Damaged status | Not for loan | Collection code | Home library | Current library | Shelving location | Date acquired | Source of acquisition | Total Checkouts | Total Renewals | Full call number | Barcode | Checked out | Date last seen | Date checked out | Cost, replacement price | Price effective from | Koha item type |
|---|---|---|---|---|---|---|---|---|---|---|---|---|---|---|---|---|---|---|---|---|
| Dewey Decimal Classification | General NonFiction | Wasatch County Library | Wasatch County Library | Second Floor | 01/14/2026 | Ingram | 2 | 2 | 305.31 Galloway | 34301002105759 | 03/30/2026 | 02/19/2026 | 02/19/2026 | 29.00 | 01/14/2026 | BOOK |
